000
00226nam a2200097 4500
999
_c
531735
_d
531735
040
_c
DLC
082
_a
624.18341
_b
MAE
100
_a
Maekawa, K.
_9
24726
245
_a
Nonlinear mechanics of reinforced concrete
942
_2
ddc
_c
BK